000 00564nam a2200193 a 4500
005 20140429162204.0
008 101014s19uu xx 00 eng d
020 _a9789710550098
050 _aTR 860
_b.Qu5 2010
100 _aQuesada, Bryan T.
245 _aVideo production and digital photography for beginners /
_cBryan T. Quesada
250 _a3rd ed.
260 _aPhilippines :
_bTechFactors,
_c2010.
300 _a116 p. :
_bcol. ill. ;
_c26 cm.
650 _aVideo production.
650 _aVisual production.
942 _cBK
_2lcc
999 _c115564
_d115564